000 00345nam a2200133Ia 4500
008 151001s9999||||xx |||||||||||||| ||und||
100 _aबद्री सिंह भाटीया
245 _aडी.एन.ए.
250 _a1
260 _bमित्तल एंड सन्स
260 _c2011
300 _a152
365 _b21
999 _c999438
_d999435